[Event "Mechanics' Summer TNM; 30/90, SD/30"]
[Site "San Francisco"]
[Date "2011.06.07"]
[Round "3.17"]
[White "Oca, Homer"]
[Black "Kleiman, Charles"]
[Result "1/2-1/2"]
[WhiteElo "1674"]
[BlackElo "1858"]
[PlyCount "115"]
[EventDate "2011.??.??"]

1. a3 d5 2. e3 c5 3. h3 Nc6 4. c4 d4 5. exd4 Nxd4 6. Nc3 Nf6 7. d3 Bf5 8. Nf3
Nc6 9. Bf4 Qd7 10. Nb5 Rc8 11. Be2 a6 12. Nc3 Rd8 13. O-O Bxd3 14. Bxd3 Qxd3
15. Qa4 Qf5 16. Bh2 Qc8 17. Rad1 Rxd1 18. Rxd1 e6 19. Ne5 Be7 20. Nxc6 Qxc6 21.
Qxc6+ bxc6 22. Bd6 Nd7 23. b4 Nb6 24. b5 Nxc4 25. Bxe7 Kxe7 26. bxa6 Ra8 27.
Na4 Rxa6 28. Nxc5 Rxa3 29. Rd7+ Kf6 30. Rc7 Ne5 31. f4 Ng6 32. f5 Ne5 33. fxe6
fxe6 34. Ne4+ Kg6 35. Nc5 Kf6 36. Ne4+ Kf5 37. Nd6+ Kg6 38. Ne8 Ra1+ 39. Kh2
Rd1 40. Rxg7+ Kh6 41. Re7 c5 42. Rxe6+ Ng6 43. Nf6 c4 44. Rc6 Rd4 45. Rc7 Ne5
46. Rc5 Nd3 47. Rc7 Ne1 48. Kg3 Kg6 49. Nxh7 Rd8 50. h4 c3 51. Kf2 c2 52. Nf8+
Kh5 53. Ne6 Rd1 54. Nf4+ Kxh4 55. Ne2 Kg5 56. Rc4 Kf5 57. g4+ Kg5 58. Ke3
1/2-1/2

[Event "Mechanics' Summer TNM; 30/90, SD/30"]
[Site "San Francisco"]
[Date "2011.05.24"]
[Round "1.7"]
[White "Oca, Homer"]
[Black "Margulis, Igor"]
[Result "0-1"]
[WhiteElo "1674"]
[BlackElo "2100"]
[PlyCount "89"]
[EventDate "2011.??.??"]

1. a3 e5 2. h3 d5 3. e3 c5 4. c4 d4 5. e4 Nc6 6. d3 Bd6 7. g4 Nge7 8. Bg2 Ng6
9. Nd2 Nf4 10. Bf1 h5 11. gxh5 Qh4 12. Ndf3 Qxh5 13. Bxf4 exf4 14. Qc2 g5 15.
Rh2 Bd7 16. Be2 Qh6 17. O-O-O O-O-O 18. Kb1 f6 19. Ka1 Qf8 20. Re1 Qe7 21. Bf1
Rh5 22. Rg2 Rdh8 23. Be2 Qd8 24. Nh2 Qa5 25. Rc1 Rh4 26. Bg4 Qd8 27. f3 Ne5 28.
Bxd7+ Qxd7 29. Ng4 Qe6 30. Qe2 Ng6 31. Re1 R8h7 32. Qf1 Be5 33. Nxe5 Nxe5 34.
Rd2 Rxh3 35. Nxh3 Qxh3 36. Rdd1 Qxf1 37. Rxf1 Rh3 38. Rh1 Rxf3 39. Rh6 Nd7 40.
Rg6 Rg3 41. Rg8+ Kc7 42. Rh8 g4 43. Rh5 Kd6 44. Rd5+ Ke6 45. Rh1 {
remainder illegible} 0-1

[Event "Mechanics' Summer TNM; 30/90, SD/30"]
[Site "San Francisco"]
[Date "2011.06.14"]
[Round "4.13"]
[White "Oca, Homer"]
[Black "Sherwood, Peter"]
[Result "1-0"]
[WhiteElo "1674"]
[BlackElo "1826"]
[Annotator "Donaldson"]
[PlyCount "83"]
[EventDate "2011.??.??"]

1. a3 e5 2. c4 Nf6 3. h3 d5 4. cxd5 Nxd5 5. e4 Nf6 6. Nc3 Be6 (6... a6 7. Nf3
Nc6) (6... Bc5 7. Nf3 Nc6 8. Bb5 O-O 9. Bxc6 bxc6 10. Nxe5 (10. O-O Ba6) 10...
Qd4) 7. Nf3 Bd6 8. d4 exd4 9. Qxd4 Be7 10. Qa4+ Nbd7 11. Bf4 c6 12. Rd1 Qb6 13.
b4 O-O 14. Ng5 a5 15. Be3 Qc7 16. b5 Qe5 17. Qd4 Bxa3 18. Nxe6 Qxe6 19. Bc4 Qe5
20. f4 Qxd4 21. Bxd4 Bb4 (21... Nxe4 22. Nxe4 Rae8 23. Bd3 f5) 22. O-O c5 (
22... Bxc3 23. Bxc3 Nxe4 24. Bxg7 Nb6 25. Bxf8 Nxc4) 23. Be5 Nxe5 (23... Nb6
24. Bxf6 (24. Ba2 Bxc3 25. Bxc3 Nxe4) 24... gxf6) 24. fxe5 Bxc3 25. exf6 Bxf6
26. Rd7 b6 27. Bd5 Rad8 28. Rb7 Rd6 29. Bc6 Bd8 30. Bd5 g6 (30... Rf6 31. Rxf6
gxf6 32. Kf2 Kg7 33. Kf3 Kg8 (33... f5 34. exf5 Kf6 35. g4 h6 36. Kf4 Kg7 37.
Ke5 Bf6+ 38. Kd6 Rd8+ 39. Kc6) 34. Kf4 Kg7 35. Kf5 Kg8 36. h4 Kg7 37. h5 Kg8
38. h6 a4 39. Ra7 a3 40. Rb7 Kh8 41. Rd7 Kg8 42. Ba2 Kh8 43. Bxf7) 31. Bxf7+
Kh8 32. e5 Rd4 33. Re1 Bh4 34. Re3 Bg5 35. Re2 Rxf7 (35... a4 36. e6 Kg7 37. e7
Rxf7 38. e8=Q Rxb7) (35... Rd3 36. e6 Kg7 37. e7 Rxf7 38. e8=Q Rxb7 39. Qe4 (
39. Rf2 $1) 39... Rdd7) 36. Rxf7 c4 37. Rc7 a4 38. e6 a3 39. e7 Bxe7 40. Rexe7
Rd8 41. Rxc4 Ra8 42. Rc1 1-0

[Event "Mechanics' Summer TNM; 30/90, SD/30"]
[Site "San Francisco"]
[Date "2011.06.07"]
[Round "3.12"]
[White "Ochoa, Jason"]
[Black "Harris, John"]
[Result "0-1"]
[WhiteElo "1939"]
[BlackElo "1693"]
[PlyCount "108"]
[EventDate "2011.??.??"]

1. c4 c6 2. g3 Nf6 3. Bg2 d5 4. Nf3 dxc4 5. O-O Be6 6. Ng5 Qc8 7. Qc2 g6 8. Na3
Bg7 9. Nxc4 O-O 10. Nxe6 Qxe6 11. d3 Nbd7 12. e4 Nb6 13. Nxb6 axb6 14. Be3 Rxa2
15. Rxa2 Qxa2 16. Bxb6 Nd7 17. Be3 Ra8 18. d4 Qa4 19. Qxa4 Rxa4 20. e5 Rb4 21.
Rb1 e6 22. f4 Nb6 23. Bf1 Nd5 24. Bf2 Bf8 25. Bd3 Kg7 26. Kf1 Be7 27. Ke2 Bd8
28. Kd1 Bb6 29. Ke2 Bxd4 30. Bxd4 Rxd4 31. Ra1 Rb4 32. Ra2 Rb3 33. Bc4 Rb4 34.
Bd3 Nb6 35. Kd2 Na4 36. Kc2 Nc5 37. Be2 Re4 38. Kd1 Nb3 39. Ra3 Rb4 40. Ra2 Nd4
41. Bd3 Nf3 42. Kc2 Nxh2 43. Kc3 c5 44. Ra5 b6 45. Rb5 Rxb5 46. Bxb5 Nf3 47.
Bf1 f6 48. Bg2 Nd4 49. exf6+ Kxf6 50. Be4 Ne2+ 51. Kc4 Nxg3 52. Bd3 Ke7 53. Kb5
Kd6 54. Kxb6 Nh5 0-1

[Event "Mechanics' Summer TNM; 30/90, SD/30"]
[Site "San Francisco"]
[Date "2011.05.24"]
[Round "1.15"]
[White "Ochoa, Jason"]
[Black "Hilliard, Michael"]
[Result "1-0"]
[WhiteElo "1939"]
[BlackElo "1466"]
[PlyCount "121"]
[EventDate "2011.??.??"]

1. c4 c5 2. g3 e6 3. Bg2 Nf6 4. e3 d5 5. b3 Nc6 6. Ne2 Be7 7. O-O O-O 8. cxd5
exd5 9. d4 cxd4 10. Nxd4 Bg4 11. f3 Bd7 12. Bb2 Re8 13. Nc3 Bc5 14. Na4 Bd6 15.
Re1 Rc8 16. Nb5 Be5 17. Bxe5 Rxe5 18. f4 Bg4 19. Qd2 Re7 20. h3 Bf5 21. Nac3
Be4 22. Rad1 Bxg2 23. Kxg2 Rd7 24. Nd4 Qe7 25. Nf5 Qe6 26. Nd4 Qe8 27. Nf5 Qe6
28. Nd4 Qe8 29. Nf3 Ne4 30. Qd3 Nxc3 31. Qxc3 Qe4 32. Rd4 Qe8 33. Rc1 Rdd8 34.
Rdd1 Ne7 35. Qd3 Rxc1 36. Rxc1 Rc8 37. Rxc8 Qxc8 38. Ng5 g6 39. h4 h6 40. Nf3
Qc5 41. h5 Nf5 42. Nd4 Nxd4 43. exd4 Qc6 44. g4 Kg7 45. hxg6 fxg6 46. Qe3 Qc2+
47. Kg3 Qe4 48. Qxe4 dxe4 49. Kf2 h5 50. gxh5 gxh5 51. Ke3 h4 52. Kxe4 h3 53.
Kf3 h2 54. Kg2 h1=Q+ 55. Kxh1 Kf6 56. Kg2 Kf5 57. d5 b5 58. Kf3 a6 59. a3 a5
60. Ke3 a4 61. b4 1-0

[Event "Mechanics' Summer TNM; 30/90, SD/30"]
[Site "San Francisco"]
[Date "2011.07.05"]
[Round "7.20"]
[White "Olson, David"]
[Black "Milliken, William"]
[Result "0-1"]
[WhiteElo "1430"]
[BlackElo "1688"]
[PlyCount "54"]
[EventDate "2011.??.??"]

1. e4 e5 2. Nf3 Nc6 3. Bb5 f5 4. d3 fxe4 5. dxe4 Nf6 6. Nc3 Bb4 7. Bg5 Bxc3+ 8.
bxc3 d6 9. O-O Be6 10. Nh4 h6 11. Ng6 Rg8 12. Be3 Bf7 13. Nh4 Nxe4 14. Nf5 Qd7
15. Qf3 Nxc3 16. a4 Bd5 17. Qh3 Nxb5 18. axb5 Ne7 19. g4 Nxf5 20. gxf5 Rf8 21.
b6 cxb6 22. Bxb6 Qxf5 23. Qd3 Qxd3 24. cxd3 a6 25. Rac1 Bc6 26. Rce1 Rf4 27. d4
Rg4# 0-1

[Event "Mechanics' Summer TNM; 30/90, SD/30"]
[Site "San Francisco"]
[Date "2011.06.07"]
[Round "3.24"]
[White "Olson, David"]
[Black "Newey, Richard"]
[Result "0-1"]
[WhiteElo "1430"]
[BlackElo "1752"]
[PlyCount "80"]
[EventDate "2011.??.??"]

1. e4 c6 2. Nf3 d5 3. e5 Bg4 4. Be2 e6 5. d4 c5 6. c3 cxd4 7. cxd4 Qb6 8. O-O
Nc6 9. Nc3 Bxf3 10. Bxf3 Qxd4 11. Qe2 Qxe5 12. Qb5 O-O-O 13. Be3 Bd6 14. g3
Nge7 15. Bf4 Qf5 16. Bxd6 Qxf3 17. Bc5 h5 18. Rfe1 h4 19. Re3 Qh5 20. h3 hxg3
21. Rxg3 Nf5 22. Rd3 g5 23. Ne2 g4 24. Nf4 Qg5 25. Rb3 Rd7 26. Ng2 gxh3 27. Qf1
hxg2 28. Qxg2 Rg8 29. Qxg5 Rxg5+ 30. Kf1 b6 31. Ba3 Kb7 32. Rc1 f6 33. Rbc3
Nfd4 34. b3 Rdg7 35. Ke1 Rg1+ 36. Kd2 Rxc1 37. Rxc1 Rg2 38. Ke3 Nf5+ 39. Kf3
Rh2 40. Bb2 Ncd4+ 0-1

[Event "Mechanics' Summer TNM; 30/90, SD/30"]
[Site "San Francisco"]
[Date "2011.05.24"]
[Round "1.25"]
[White "Otterbach, Renate"]
[Black "De Lenea, Digne"]
[Result "0-1"]
[WhiteElo "805"]
[BlackElo "1851"]
[PlyCount "60"]
[EventDate "2011.??.??"]

1. e4 e6 2. Nf3 d5 3. Nc3 d4 4. Nb5 c5 5. d3 Qa5+ 6. c3 Qxb5 7. c4 Qb6 8. Ne5
Nf6 9. Qf3 Nc6 10. Qf4 Nxe5 11. Qxe5 Bd6 12. Qg5 Be7 13. b3 Bd7 14. Bd2 Nxe4
15. Qxg7 Bf6 16. Qh6 Nxd2 17. Qxf6 Rg8 18. Kxd2 Qb4+ 19. Kd1 a5 20. Rb1 a4 21.
Be2 Qc3 22. Rc1 Qb4 23. Bh5 Rf8 24. Ke2 axb3 25. Rb1 Rxa2+ 26. Kf3 Qd2 27. Rhe1
Qxf2+ 28. Kg4 Rg8+ 29. Kh3 Qxg2+ 30. Kh4 Qxh2# 0-1

[Event "Mechanics' Summer TNM; 30/90, SD/30"]
[Site "San Francisco"]
[Date "2011.07.05"]
[Round "7.21"]
[White "Otterbach, Renate"]
[Black "Eytan, David"]
[Result "0-1"]
[WhiteElo "805"]
[BlackElo "1608"]
[PlyCount "132"]
[EventDate "2011.??.??"]

1. e4 c5 2. Nf3 Nc6 3. c3 d6 4. d4 cxd4 5. cxd4 Bg4 6. Be3 Nf6 7. Nbd2 Qa5 8.
Be2 Nxe4 9. O-O Nf6 10. h3 h5 11. Qb3 b6 12. Rfd1 Rc8 13. Nc4 Qd5 14. Bg5 Ne4
15. Bh4 g5 16. Qa4 gxh4 17. Ne3 Qa5 18. Qc4 Nb4 19. Qb5+ Qxb5 20. Bxb5+ Bd7 21.
Bc4 Rg8 22. Rac1 Bh6 23. a3 d5 24. Ne5 Bxh3 25. Bb5+ Kf8 26. Rxc8+ Bxc8 27. Rc1
Be6 28. Bd7 Bxe3 29. Rc8+ Kg7 30. fxe3 Rxc8 31. Bxc8 Bxc8 32. axb4 h3 33. gxh3
Bxh3 34. Kh2 Bf5 35. Nc6 e6 36. Nxa7 h4 37. Nc8 h3 38. Nxb6 Ng5 39. b5 Nf3+ 40.
Kh1 e5 41. Nxd5 exd4 42. exd4 Nxd4 43. b6 Be4+ 44. Kh2 Bxd5 45. Kxh3 Kf6 46.
Kg3 Ke5 47. b4 Ke4 48. Kf2 f5 49. Ke1 Kd3 50. Kf1 Kc4 51. Kf2 Kxb4 52. Ke3 Kc5
53. Kd3 Bc4+ 54. Ke3 Ne6 55. Kf2 Kxb6 56. Kf3 Kc5 57. Kf2 Kd4 58. Kg3 Ke3 59.
Kg2 f4 60. Kg1 Ke2 61. Kh2 f3 62. Kg3 f2 63. Kg4 f1=Q 64. Kg3 Qf3+ 65. Kh4 Qf4+
66. Kh5 Qg5# 0-1

[Event "Mechanics' Summer TNM; 30/90, SD/30"]
[Site "San Francisco"]
[Date "2011.05.31"]
[Round "2.22"]
[White "Otterbach, Renate"]
[Black "Milliken, William"]
[Result "0-1"]
[WhiteElo "805"]
[BlackElo "1688"]
[PlyCount "82"]
[EventDate "2011.??.??"]

1. e4 e5 2. Nf3 Nc6 3. Bc4 Nf6 4. d3 Be7 5. O-O O-O 6. c3 d6 7. Nh4 Nxe4 8. Nf3
Ng5 9. Nbd2 Bg4 10. Kh1 Qd7 11. Re1 Na5 12. Bd5 c6 13. Be4 f5 14. Qa4 fxe4 15.
Nxg5 Bxg5 16. Nxe4 Bd8 17. Re3 b5 18. Qc2 Nb7 19. d4 d5 20. Nd2 e4 21. b3 Bg5
22. Rxe4 dxe4 23. Nxe4 Bxc1 24. Rxc1 Qf5 25. f3 Rae8 26. h3 Bxf3 27. Qf2 Bxe4
28. Qxf5 Bxf5 29. Rf1 Bxh3 30. Rxf8+ Kxf8 31. gxh3 Re2 32. Kg1 Kf7 33. Kf1 Rxa2
34. b4 Kf6 35. h4 Kf5 36. Ke1 Ke4 37. Kd1 Kd3 38. Kc1 Kxc3 39. Kb1 Rh2 40. h5
h6 41. Kc1 Rh1# 0-1

[Event "Mechanics' Summer TNM; 30/90, SD/30"]
[Site "San Francisco"]
[Date "2011.05.24"]
[Round "1.18"]
[White "Rakonitz, David"]
[Black "Curto, Wayne"]
[Result "0-1"]
[WhiteElo "1316"]
[BlackElo "1900"]
[PlyCount "108"]
[EventDate "2011.??.??"]

1. d4 d5 2. Nf3 Nf6 3. c4 c6 4. Nc3 e6 5. Bg5 Nbd7 6. e3 Bb4 7. Qc2 Qa5 8. Nd2
O-O 9. Bd3 dxc4 10. Bxf6 cxd3 11. Qxd3 Nxf6 12. O-O b6 13. Rfe1 Ba6 14. Qc2
Bxc3 15. bxc3 c5 16. Nb3 Qb5 17. dxc5 bxc5 18. Rac1 Bb7 19. Nd2 Qc6 20. e4 Rad8
21. f3 Rd7 22. Nc4 Qc7 23. e5 Ne8 24. f4 Ba6 25. Nd2 Bd3 26. Qb2 Qb6 27. Qxb6
axb6 28. Nf3 b5 29. c4 bxc4 30. Nd2 Rd4 31. Nf3 Rxf4 32. Re3 Nc7 33. g3 Re4 34.
Rxe4 Bxe4 35. Nd2 Bd3 36. Nxc4 Bxc4 37. Rxc4 Na6 38. Kf2 Rc8 39. a3 Kf8 40. Ke3
Ke7 41. Ra4 Nc7 42. Ra7 Kd7 43. Kd3 Kc6 44. Kc4 Kb6 45. Ra4 Rd8 46. Kc3 Nb5+
47. Kc2 Rd7 48. h4 Nd4+ 49. Kb2 Kb5 50. Ra8 h5 51. Rb8+ Kc4 52. Ra8 Kd3 53. Rc8
c4 54. Rc5 Rb7+ 0-1

[Event "Mechanics' Summer TNM; 30/90, SD/30"]
[Site "San Francisco"]
[Date "2011.07.12"]
[Round "8.22"]
[White "Rakonitz, David"]
[Black "Hilliard, Michael"]
[Result "1-0"]
[WhiteElo "1316"]
[BlackElo "1466"]
[PlyCount "93"]
[EventDate "2011.??.??"]

1. d4 d5 2. Nf3 e6 3. c4 c5 4. cxd5 cxd4 5. Qa4+ Qd7 6. Qxd7+ Bxd7 7. dxe6 Bxe6
8. Nxd4 Bd5 9. Nc3 Bb4 10. Bd2 Bxc3 11. Bxc3 Nf6 12. f3 O-O 13. e4 Bc6 14. Bd3
Rd8 15. Rd1 a6 16. O-O b5 17. Nf5 Nbd7 18. Ne7+ Kh8 19. Nxc6 Rdc8 20. Ne7 Rc5
21. Nf5 Ne5 22. Bxe5 Rxe5 23. Rc1 Ra7 24. Rc8+ Re8 25. Rxe8+ Nxe8 26. Rc1 Rc7
27. Rxc7 Nxc7 28. Ne7 f6 29. Nd5 Ne6 30. Kf2 Kg8 31. Ke3 Kf8 32. f4 Ke8 33. e5
g6 34. Nxf6+ Kf7 35. Nxh7 Kg7 36. Nf6 Kf7 37. f5 gxf5 38. Bxf5 Ng7 39. g4 b4
40. b3 a5 41. Kd4 Ke7 42. Kc5 Ne6+ 43. Bxe6 Kxe6 44. Kd4 Kf7 45. Kd5 Ke7 46. g5
Kf7 47. Kd6 1-0

[Event "Mechanics' Summer TNM; 30/90, SD/30"]
[Site "San Francisco"]
[Date "2011.06.14"]
[Round "4.1"]
[White "Rumph, Todd"]
[Black "Cunningham, Robin"]
[Result "1-0"]
[WhiteElo "2152"]
[BlackElo "2274"]
[Annotator "Rumph"]
[PlyCount "69"]
[EventDate "2010.??.??"]

1. d4 d5 2. c4 e6 3. Nc3 c5 4. cxd5 exd5 5. Nf3 Nc6 6. g3 Nf6 7. Bg2 Be7 8. O-O
O-O 9. dxc5 ({More popular is} 9. Bg5) 9... d4 $5 ({
A dangerous gambit. The main alternative is} 9... Bxc5 10. Na4 Be7 11. Be3) 10.
Na4 Bf5 11. Bf4 Be4 12. Rc1 Qd5 13. Qb3 Qh5 (13... Qxb3 14. axb3 Nd5 15. Bd6
Bxd6 16. cxd6 $16 {followed by 17.Nc5}) 14. Rfd1 Rad8 (14... d3 15. Rxd3 Bxd3
16. exd3 Nd5 17. Bd2 {with good compensation for the exchange.}) 15. Qxb7 d3 $6
(15... Rd7 16. Qa6 Rfd8 17. a3 $16) 16. Nc3 $1 dxe2 17. Rxd8 Nxd8 $6 (17...
Rxd8 18. Nxe4 Nxe4 (18... Rd1+ 19. Ne1 $18) 19. Ne1 (19. Qxc6 Qxc5 $1 $13)
19... Qd5 20. Qa6 f5 21. Qxe2 $16) 18. Qxe7 Re8 $2 (18... Nc6 $8 19. Qxf6 $1
gxf6 20. Nxe4 Qf5 21. Nh4 Qe6 22. Re1 Nd4 (22... Rd8 23. Rxe2 Rd1+ 24. Bf1 Nd4
$2 25. Nxf6+ Qxf6 26. Re8+ Kg7 27. Be5) 23. Be3 Rd8 (23... Qc4 24. Bxd4 Qxd4
25. Rxe2 $18) 24. Nd6 {with material and positional advantages.}) 19. Qxe8+
Nxe8 20. Nxe4 $18 Ne6 (20... Qd5 21. Nc3 Qxc5 22. Nxe2 Qd5 23. Rc8 Qd1+ 24. Bf1
Qd7 25. Bh3 $18) 21. Be3 N8c7 22. Nc3 g5 23. h3 f5 24. Nxe2 g4 25. hxg4 fxg4
26. Nd2 Ng5 27. Ne4 Nxe4 (27... Nf3+ 28. Bxf3 gxf3 29. Nf6+) (27... Nh3+ 28.
Bxh3 Qxh3 29. c6 {and the black queen is out of the game.}) 28. Bxe4 Qe5 29.
Nc3 h5 30. Bf4 Qxc5 31. Nd5 Qd4 32. Rxc7 Qxb2 (32... Qxe4 33. Nf6+ Kh8 (33...
Kf8 34. Bh6#) 34. Nxe4) 33. Bg5 Qxa2 34. Nf6+ Kf8 35. Bh6# 1-0

[Event "Mechanics' Summer TNM; 30/90, SD/30"]
[Site "San Francisco"]
[Date "2011.05.24"]
[Round "1.5"]
[White "Rumph, Todd"]
[Black "Harris, John"]
[Result "1-0"]
[WhiteElo "2152"]
[BlackElo "1693"]
[Annotator "Rumph"]
[PlyCount "55"]
[EventDate "2011.??.??"]

1. c4 Nf6 2. g3 d5 3. cxd5 Qxd5 $6 (3... Nxd5 {can lead to a Reverse Dragon:}
4. Bg2 e5 ({or a Symmetric English or even a Grunfeld with} 4... c5 5. Nc3) 5.
Nc3 Nb6 6. Nf3 Nc6) 4. Nf3 e5 5. Nc3 Qd6 (5... Qd8) (5... Qa5) 6. Bg2 c6 ({
Anticipating pressure on the long diagonal. Also possible was} 6... Nc6) 7. O-O
Bf5 $6 {The bishop may be a target after exchanges on d4. Also, b7 is weakened.
7...Be7.} 8. d4 $14 Nbd7 $1 (8... e4 $2 9. Ng5 Qe7 10. Qc2 Na6 11. a3 {
loses a pawn.}) (8... exd4 $2 9. Nxd4 Bg6 10. Bf4 $16) 9. dxe5 (9. Nxe5 $1 Nxe5
10. Bf4 Nfd7 11. dxe5 {looks better.}) 9... Nxe5 10. Nxe5 Qxe5 11. Bf4 (11. Qa4
) 11... Qe6 12. e4 Bh3 13. e5 Bxg2 14. Kxg2 (14. Re1 $6 Nd5 15. Kxg2 Nxf4+ 16.
gxf4 $13) 14... Nd7 15. Ne4 f6 (15... Be7 16. Nd6+ Bxd6 17. exd6 O-O 18. Re1
Qf5 19. Re7 Rad8 20. Qd4 $16) 16. Re1 Nxe5 $2 (16... fxe5 $1 17. Ng5 Qf5 18.
Qb3 $1 (18. Bxe5 O-O-O 19. Bf4 $11) 18... O-O-O 19. Qf7 Qf6 (19... Qxf7 20.
Nxf7 exf4 21. Nxh8 Bc5 22. Nf7 Rf8 23. Ng5 fxg3 24. fxg3 Rf2+ 25. Kh3 Rxb2 26.
Re8+ Kc7 27. Ne6+ Kb6 28. Nxg7 $14) (19... Qd3 $2 20. Ne6 Qd5+ 21. Kg1 Bd6 22.
Nxd8 $16) 20. Be3 $13 {Probably an edge for White, but better than the game!})
17. Ng5 $1 Qf5 $2 (17... Qe7 18. Bxe5 fxe5 19. Qg4 {with an attack.}) 18. Bxe5
fxe5 19. Qd4 $1 $18 Be7 20. Rxe5 Qd7 (20... Qxg5 21. Rxg5 Bxg5 22. Qe5+ Be7 23.
Re1 $18) 21. Qe4 (21. Qxd7+ Kxd7 22. Rd1+ Bd6 (22... Ke8 23. Rde1) 23. Ne4 {
also won.}) 21... Kf8 22. Ne6+ Kf7 (22... Ke8 23. Re1 $18) (22... Kg8 23. Qc4
b5 24. Qb3 Bd6 25. Ng5+ Kf8 26. Rd1 $18) 23. Qg4 Rag8 (23... Rhg8 24. Qh5+ g6
25. Qxh7+ Kf6 26. Rae1 $18) (23... g6 24. Rd1 $18) 24. Rd1 Qc8 25. Qf5+ Bf6 (
25... Ke8 26. Nxg7+ Rxg7 27. Qxc8+ Kf7 28. Qe6+ Kf8 29. Rd8+ Bxd8 30. Qe8#) 26.
Ng5+ Kf8 27. Qxc8+ Bd8 28. Rxd8# 1-0

[Event "Mechanics' Summer TNM; 30/90, SD/30"]
[Site "San Francisco"]
[Date "2011.07.05"]
[Round "7.2"]
[White "Rumph, Todd"]
[Black "Sandberg, Evan"]
[Result "1-0"]
[WhiteElo "2152"]
[BlackElo "2168"]
[Annotator "Rumph"]
[PlyCount "97"]
[EventDate "2011.??.??"]

1. c4 e5 2. g3 Nc6 3. Nc3 g6 4. Bg2 Bg7 5. e4 d6 6. Nge2 Be6 7. d3 Qd7 8. Nd5 {
The attack on c7 prevents 8...Bh3.} Nd8 (8... Nd4 9. Nxd4 exd4 10. O-O c6 11.
Nf4 $14) (8... Bxd5 $2 9. cxd5 Nd4 10. Nxd4 exd4 $16) (8... Nce7 $1) (8... f5
$1) 9. h4 {Preventing h5-h4 by Black and taking away h3 from the Be6.} (9. d4
c6 10. Ne3 exd4 11. Nxd4 Bh3 12. O-O Bxg2 13. Kxg2 $11) 9... c6 10. Ne3 Ne7 11.
d4 f5 $2 ({Better was} 11... exd4 12. Nxd4 O-O 13. O-O $14) 12. d5 Bf7 13. Bh3
$5 {
Black will have a hard time untangling his pieces while protecting the f-pawn.}
O-O 14. O-O cxd5 {Too passive.} ({Better was} 14... b5) 15. cxd5 Be8 (15... b5)
16. Bd2 Rc8 17. a4 {White plans to take over the Queenside and the c-file.} Qc7
18. Rc1 Qb6 (18... Qb8 19. Rxc8 (19. Nc3 a6 20. a5 $16) 19... Qxc8 20. b4 $14)
19. Rxc8 $16 Nxc8 20. Qc2 Qa6 21. Re1 (21. Nc3 {is also good, but White wanted
to play on the c-file. Also, 21.Re1 clears f1 for the Bh3.}) 21... f4 (21... b6
$1 22. exf5 Bxa4 23. b3 Bd7 24. Bf1 $16) 22. Qxc8 fxe3 23. Bxe3 Bxa4 24. Nc3
Nf7 (24... Bc2) 25. Qc7 Bf6 ({Threatening} 25... -- 26. Ra1 {followed by} --
27. b3 {winning a piece.}) 26. Be6 $2 ({After} 26. Nxa4 $1 Qxa4 27. Be6 {
(threatening Bh6 among other things)} Qb4 {(What else?)} 28. Rc1 {
Black is pretty much out of moves. For example...} Qxe4 29. Bh6 Bg7 30. Qxf7+
$1 Rxf7 31. Rc8+ Bf8 32. Rxf8#) 26... Bd8 $1 27. Bxf7+ Kg7 28. Qc8 (28. Qb8 $1)
28... Bg5 $1 {A nice defense.} 29. Qe6 Bxe3 30. Rxe3 Rxf7 {Threatening Bd7.}
31. Nxa4 $1 {Going into a much better ending.} Rf6 32. Qd7+ Rf7 33. Qd8 Qxa4 (
33... Rf8 $2 34. Qc7+ Rf7 35. Qc2 $18) 34. Qxd6 Qa1+ ({
Checking and taking the b-pawn looks natural, but keeping rooks on with} 34...
Qd4 $1 $16 {puts up more resistance.}) 35. Kg2 Qxb2 36. Rf3 Rxf3 37. Kxf3 Qd4
38. Qe7+ Kg8 (38... Kh6 $4 39. Qf8+ Kh5 40. g4+ Kxh4 41. Qh6#) (38... Kh8 $4
39. Qf8#) 39. Qe6+ $1 ({White must control d5 and f5 to win. Only drawing is} 
39. d6 $2 Qd3+ 40. Kg2 Qxe4+ 41. Kh2 Qf5 42. Kg1 $2 Qb1+ 43. Kg2 Qe4+ 44. Kh2
Qf5 {etc.}) 39... Kg7 (39... Kf8 40. Qf6+ Ke8 41. d6 Qd3+ 42. Kg2 Qxe4+ 43. Kh2
Kd7 44. Qe7+ Kc6 45. Qc7+ Kb5 46. d7 Qf3 47. Qxe5+ Kc6 48. Qd4 $18) 40. d6 Qd3+
41. Kg2 Qxe4+ 42. Kh2 Qd4 (42... Qe1 43. Qe7+ Kg8 44. Qf6 Qd2 45. Qe6+ Kf8 46.
Kg2 $18) (42... Qf3 43. Kg1 Qd1+ 44. Kg2 $18 {(No check on d5!)}) 43. Kg1 e4
44. Qe7+ Kh6 45. d7 (45. g4 $2 Qd1+ 46. Kh2 Qf3 47. g5+ Kh5 48. Qxh7+ Kg4 $11)
45... Qd1+ 46. Kh2 Qf3 47. Qg5+ Kg7 48. Qd2 e3 49. fxe3 1-0

[Event "Mechanics' Summer TNM; 30/90, SD/30"]
[Site "San Francisco"]
[Date "2011.07.12"]
[Round "8.3"]
[White "Rumph, Todd"]
[Black "Zavadsky, Peter"]
[Result "0-1"]
[WhiteElo "2152"]
[BlackElo "2293"]
[PlyCount "62"]
[EventDate "2011.??.??"]

1. c4 e5 2. g3 Nf6 3. Bg2 Nc6 4. Nc3 Bc5 5. e3 O-O 6. Nge2 Re8 7. O-O Bf8 8. d4
d6 9. h3 h5 10. e4 Nh7 11. f4 exd4 12. Nxd4 Nxd4 13. Qxd4 g6 14. Qd3 Bg7 15.
Bd2 f5 16. Kh2 h4 17. Be1 Nf6 18. g4 fxg4 19. Bxh4 gxh3 20. Bxh3 Ng4+ 21. Kg3
Bf6 22. Bxf6 Nxf6 23. e5 Nh5+ 24. Kh2 Kg7 25. Bxc8 Rxc8 26. Rae1 Rh8 27. Kg2
Qh4 28. Qf3 Rcf8 29. Nd5 Nxf4+ 30. Qxf4 Rxf4 31. Nxf4 Qg4+ 0-1

[Event "Mechanics' Summer TNM; 30/90, SD/30"]
[Site "San Francisco"]
[Date "2011.06.21"]
[Round "5.9"]
[White "Russell, Joe"]
[Black "Beilin, Allan"]
[Result "1-0"]
[WhiteElo "1872"]
[BlackElo "2005"]
[Annotator "Donaldson"]
[PlyCount "55"]
[EventDate "2011.??.??"]

1. e4 e6 2. d3 d5 3. Nd2 c5 4. Ngf3 Nc6 5. g3 Nge7 6. Bg2 g6 7. O-O Bg7 8. c3
O-O 9. h4 b5 10. Re1 Qc7 11. Nf1 Ba6 12. N1h2 b4 13. Qc2 bxc3 14. bxc3 c4 15.
d4 dxe4 16. Rxe4 Nd5 17. h5 Qa5 18. Bd2 Rab8 19. hxg6 hxg6 20. Rh4 Nce7 21. Ng4
Nf5 22. Rh3 Qa3 23. Nge5 Qb2 24. Qd1 Rb7 $6 (24... Nxc3 25. Bxc3 Qxc3 26. g4
Ne7 27. Nd7 $11) 25. Ng5 Re7 $2 (25... Nxc3) 26. Rb1 Qxa2 (26... Qa3 27. g4 Nd6
28. Nh7 Rfe8 29. Bg5) 27. Ra1 Qb2 28. Rxa6 1-0

[Event "Mechanics' Summer TNM; 30/90, SD/30"]
[Site "San Francisco"]
[Date "2011.06.28"]
[Round "6.5"]
[White "Russell, Joe"]
[Black "Byambaa, Uyanga"]
[Result "0-1"]
[WhiteElo "1872"]
[BlackElo "2050"]
[PlyCount "46"]
[EventDate "2011.??.??"]

1. d4 f5 2. e4 fxe4 3. Nc3 Nf6 4. Bg5 g6 5. f3 e3 6. Bd3 Nc6 7. h4 Bg7 8. g4 d5
9. Nge2 e5 10. dxe5 Nxe5 11. Nf4 Qd6 12. Bxf6 Nxd3+ 13. Qxd3 Qxf4 14. O-O-O
Qxf6 15. Qxd5 Be6 16. Qb5+ c6 17. Qxb7 O-O 18. Qxc6 Rac8 19. Qe4 Rxc3 20. bxc3
Qxc3 21. Qxe6+ Kh8 22. Qb3 Qa1+ 23. Qb1 Bb2# 0-1

[Event "Mechanics' Summer TNM; 30/90, SD/30"]
[Site "San Francisco"]
[Date "2011.05.24"]
[Round "1.19"]
[White "Russell, Joe"]
[Black "Shi, Jaysen"]
[Result "1-0"]
[WhiteElo "1872"]
[BlackElo "1237"]
[PlyCount "65"]
[EventDate "2011.??.??"]

1. e4 e6 2. d3 d5 3. Nd2 c5 4. Ngf3 Nc6 5. g3 Qc7 6. Bg2 Nf6 7. O-O Bd7 8. exd5
exd5 9. Re1+ Be7 10. Nb3 O-O-O 11. Bf4 Qb6 12. Ne5 Nxe5 13. Bxe5 Bc6 14. Bc3
Bd6 15. Ba5 Qa6 16. Bxd8 Rxd8 17. Qd2 Bb5 18. Qg5 Bf8 19. c4 h6 20. cxb5 Qxb5
21. Qf5+ Qd7 22. Qxd7+ Rxd7 23. Bh3 Bd6 24. Bxd7+ Kxd7 25. Rac1 b6 26. Nd2 Ng4
27. f3 Ne5 28. Rxe5 Bxe5 29. Rc2 f5 30. f4 Bd6 31. Nf3 Ke7 32. Re2+ Kf7 33.
Ne5+ 1-0